000 00248nam a2200109Ia 4500
008 190216s9999||||xx |||||||||||||| ||und||
100 _aAzhar Kazmi
245 0 _aBusiness Policy
260 _bSulthan Chand&Sons
_c2000
300 _a457p
942 _cBK
999 _c6117
_d6117